A course in electrical and electronic measurements and instrumentation (Record no. 22432)

MARC details
000 -LEADER
fixed length control field 00451nam a22001577a 4500
003 - CONTROL NUMBER IDENTIFIER
control field OSt
005 - DATE AND TIME OF LATEST TRANSACTION
control field 20211213153705.0
008 - FIXED-LENGTH DATA ELEMENTS--GENERAL INFORMATION
fixed length control field 211213b |||||||| |||| 00| 0 eng d
040 ## - CATALOGING SOURCE
Transcribing agency Hawassa University
050 ## - LIBRARY OF CONGRESS CALL NUMBER
Classification number 621.3/SAW
Item number 1
082 ## - DEWEY DECIMAL CLASSIFICATION NUMBER
Classification number 621.3/SAW
Item number 1
100 ## - MAIN ENTRY--PERSONAL NAME
Personal name Sawhney A.K.
9 (RLIN) 22833
245 ## - TITLE STATEMENT
Title A course in electrical and electronic measurements and instrumentation
260 ## - PUBLICATION, DISTRIBUTION, ETC.
Place of publication, distribution, etc. Delhi
Name of publisher, distributor, etc. Dhanpat Rai & Sons
Date of publication, distribution, etc. 1992
942 ## - ADDED ENTRY ELEMENTS (KOHA)
Source of classification or shelving scheme Dewey Decimal Classification
Koha item type Books like text book referance book
Suppress in OPAC No
Holdings
Withdrawn status Lost status Source of classification or shelving scheme Damaged status Not for loan Home library Current library Date acquired Total Checkouts Full call number Barcode Date last seen Copy number Price effective from Koha item type
    Dewey Decimal Classification     College of Agriculture Library College of Agriculture Library 12/13/2021   621.3/SAW ALIB0013653 12/13/2021 1 12/13/2021 Books like text book referance book